000 00434nam a2200145Ia 4500
008 210716s1992 xx 000 0 und d
041 _aeng
082 _a005.45 STUR
100 _aStultz, Russell A.
245 _aIllustrated Ms Dos 5.0: and all previous ms pc dos versions.
_bAnd all previous ms pc dos versions.
250 _a1
260 _aNew Delhi
_bBPB Publications
_c1992
300 _aix,302
650 _aMS DOS(005.3682)
999 _c181990
_d181990